01224nam a22001697a 4500003000400000005001700004008003900021020001800060040002600078082002400104110005500128245032200183246023100505260005300736300002000789500024500809OSt20211018121230.0180817s2020 dr grl 000 0 spaspa a9789945610345 aDO-SdBNPbspacBPMSU  a340bR426l 20202222 aRepública Dominicana :bTribunal constitucional 10aLeyes sobre símbolos patrios :bley 210-19: que regula el uso de los símbolos patrios de la República Dominicana : ley no. 193-19 dispone que las imágenes de los patricios Juan Pablo Duarte, Francisco del Rosario Sánchez Ramón Matías Mella sean colocados en todas las instituciones públicas del país13aLeyes sobre símbolos patrios :bLey 193-19 dispone que las imágenes de los patricios Juan Pablo Duarte, Francisco del Rosario Sánchez Ramón Matías Mella sean colocados en todas las instituciones públicas del país aSanto Domingo :bTribunal Constitucional,c2020. a43 p. ;c23 cm. aLey No. 193-19 dispone que las imágenes de los patricios Juan Pablo Duarte, Francisco del Rosario Sánchez y Ramón Matías Mella sean colocadas en todas las instituciones públicas del país. G. O. No. 10945 del 24 de junio de 2019.